[Event "Grand Masters/Experts-ch"]
[Site "Lansing"]
[Date "1999.01.10"]
[Round "5"]
[White "Horwood, Rob"]
[Black "Bainbridge, Chris"]
[Result "1-0"]
[WhiteElo "1605"]
[BlackElo "1605"]
[PlyCount "45"]
[EventDate "1999.??.??"]
[EventType "swiss"]
[EventRounds "5"]
[EventCountry "USA"]
[SourceTitle "EXT 2007"]
[Source "ChessBase"]
[SourceDate "2006.11.23"]
[SourceVersion "1"]
[SourceVersionDate "2006.11.23"]
[SourceQuality "1"]

1. e4 e6 2. d4 d5 3. e5 c5 4. c3 cxd4 5. cxd4 Bb4+ 6. Nc3 Ne7 7. Nf3 0-0 8. Bd3 Nbc6 9. a3 Bxc3+ 10. bxc3 b6 11. Be3 Qc7 12. Qd2 h6 13. Bxh6 g6 14. Bxf8 Kxf8 15. Qh6+ Ke8 16. Qh8+ Kd7 17. Qf6 Ke8 18. Ng5 Na5 19. Qxf7+ Kd7 20. Bb5+ Nac6 21. Qxe6+ Kd8 22. Qf6 Nxd4 23. Qf8# 1-0